<?xml version="1.0" encoding="UTF-8"?>
<record
    xmlns:xsi="http://www.w3.org/2001/XMLSchema-instance"
    xsi:schemaLocation="http://www.loc.gov/MARC21/slim http://www.loc.gov/standards/marcxml/schema/MARC21slim.xsd"
    xmlns="http://www.loc.gov/MARC21/slim">

  <leader>00361nam a2200121 a 4500</leader>
  <controlfield tag="005">20251027131727.0</controlfield>
  <controlfield tag="008">251025s2025##################000#0#eng##</controlfield>
  <datafield tag="020" ind1=" " ind2=" ">
    <subfield code="a">9780697462114</subfield>
  </datafield>
  <datafield tag="082" ind1="0" ind2="4">
    <subfield code="a">658.575</subfield>
    <subfield code="b">SCH</subfield>
  </datafield>
  <datafield tag="100" ind1=" " ind2=" ">
    <subfield code="a">Schiling, Melissa </subfield>
  </datafield>
  <datafield tag="245" ind1="1" ind2="0">
    <subfield code="a">MBA Program</subfield>
    <subfield code="b">: technological innovation and new product development</subfield>
    <subfield code="c">/ Melissa Schiling</subfield>
  </datafield>
  <datafield tag="942" ind1=" " ind2=" ">
    <subfield code="c">ENGLISH</subfield>
  </datafield>
  <datafield tag="999" ind1=" " ind2=" ">
    <subfield code="c">593571</subfield>
    <subfield code="d">593571</subfield>
  </datafield>
  <datafield tag="952" ind1=" " ind2=" ">
    <subfield code="0">0</subfield>
    <subfield code="1">0</subfield>
    <subfield code="4">0</subfield>
    <subfield code="7">0</subfield>
    <subfield code="a">ACL</subfield>
    <subfield code="b">ACL</subfield>
    <subfield code="c">6B</subfield>
    <subfield code="d">2025-10-25</subfield>
    <subfield code="l">0</subfield>
    <subfield code="o">658.575 SCH</subfield>
    <subfield code="p">407529</subfield>
    <subfield code="r">2025-10-25 10:31:45</subfield>
    <subfield code="w">2025-10-25</subfield>
    <subfield code="y">ENGLISH</subfield>
  </datafield>
</record>
